000 00546nam a22001817a 4500
005 20251108172034.0
008 250721s1983 xx 000 0 ara d
082 1 4 _a526.9076/سكو
100 1 _aسكوفيلد، و
245 1 0 _aالمسح الهندسي :
_bتحليل نظري و مسائل إمتحانية للطلاب /
264 1 _aبغداد :
_c1983.
300 _aج
650 1 7 _aالمسح
650 1 7 _aالمسائل و التمارين
700 1 _aشعان، رياض
_eترجمة
942 _2ddc
_cBK
999 _c68889
_d68889